[Event "FRA-chT U20 0304"]
[Site "France"]
[Date "2004.05.02"]
[Round "11"]
[White "Caput, Jules"]
[Black "Giroyan, Gary"]
[Result "0-1"]
[WhiteElo "1340"]
[BlackElo "1300"]
[PlyCount "43"]
[EventDate "2003.11.??"]
[EventType "team"]
[EventRounds "11"]
[EventCountry "FRA"]
[SourceTitle "EXT 2005"]
[Source "ChessBase"]
[SourceDate "2004.11.15"]
[SourceVersion "1"]
[SourceVersionDate "2004.11.15"]
[SourceQuality "1"]
[WhiteTeam "Creteil"]
[BlackTeam "Cannes"]
[WhiteTeamCountry "FRA"]
[BlackTeamCountry "FRA"]

1. d4 d5 2. c4 c6 3. Nc3 Nf6 4. Bg5 e6 5. e3 Nbd7 6. Nf3 Qa5 7. Qc2 Bb4 8. Rc1 Qxa2 9. Bd3 dxc4 10. Bxc4 Qxc4 11. Bxf6 Nxf6 12. Ne5 Qa6 13. Nd3 0-0 14. Nxb4 Qc4 15. Nd3 b6 16. 0-0 Nd7 17. Nf4 Ba6 18. Nh3 h6 19. Qe4 Nf6 20. Qf3 Qb4 21. Rce1 Rac8 22. Nd1 0-1

[Event "FRA-chT U20 0304"]
[Site "France"]
[Date "2004.04.30"]
[Round "8"]
[White "Caput, Jules"]
[Black "Domenech, Vianney"]
[Result "0-1"]
[WhiteElo "1340"]
[BlackElo "1580"]
[PlyCount "84"]
[EventDate "2003.11.??"]
[EventType "team"]
[EventRounds "11"]
[EventCountry "FRA"]
[SourceTitle "EXT 2005"]
[Source "ChessBase"]
[SourceDate "2004.11.15"]
[SourceVersion "1"]
[SourceVersionDate "2004.11.15"]
[SourceQuality "1"]
[WhiteTeam "Creteil"]
[BlackTeam "Montpellier"]
[WhiteTeamCountry "FRA"]
[BlackTeamCountry "FRA"]

1. d4 Nf6 2. c4 c5 3. dxc5 e6 4. Nc3 Bxc5 5. Bg5 Qb6 6. e3 Qxb2 7. Rc1 Bb4 8. Nge2 Ne4 9. Qd4 Bxc3+ 10. Rxc3 Nxc3 11. Nxc3 0-0 12. Be2 Nc6 13. Nd1 Qxd4 14. exd4 Nxd4 15. Bd3 d5 16. cxd5 exd5 17. Kd2 Bf5 18. Ke3 Bxd3 19. Kxd3 f6 20. Bxf6 Rxf6 21. Kxd4 Rd8 22. f3 Rg6 23. Ne3 Ra6 24. Ra1 Ra4+ 25. Ke5 d4 26. Rd1 Re8+ 27. Kf4 dxe3+ 28. Kg3 e2 29. Re1 Rd4 30. Kf2 g5 31. g3 Rd6 32. h3 h5 33. h4 g4 34. f4 Rd3 35. a4 Rf3+ 36. Kg2 Ree3 37. f5 Rxg3+ 38. Kf2 Rgf3+ 39. Kg2 g3 40. a5 Rf2+ 41. Kg1 Rd3 42. Rxe2 Rd1+ 0-1

[Event "FRA-chT U20 0304"]
[Site "France"]
[Date "2004.??.??"]
[Round "7"]
[White "Caput, Jules"]
[Black "Peyre, Thomas"]
[Result "0-1"]
[WhiteElo "1340"]
[BlackElo "1550"]
[PlyCount "104"]
[EventDate "2003.11.??"]
[EventType "team"]
[EventRounds "11"]
[EventCountry "FRA"]
[SourceTitle "EXT 2005"]
[Source "ChessBase"]
[SourceDate "2004.11.15"]
[SourceVersion "1"]
[SourceVersionDate "2004.11.15"]
[SourceQuality "1"]
[WhiteTeam "Creteil"]
[BlackTeam "Guingamp"]
[WhiteTeamCountry "FRA"]
[BlackTeamCountry "FRA"]

1. e4 e6 2. d4 d5 3. Nc3 Bb4 4. e5 c5 5. Nf3 Nc6 6. Bb5 a6 7. Bxc6+ bxc6 8. dxc5 Bxc5 9. a3 Ne7 10. Bg5 Qc7 11. Qd2 Ng6 12. Rd1 Nxe5 13. Nxe5 Qxe5+ 14. Be3 Bxe3 15. Qxe3 Qxe3+ 16. fxe3 0-0 17. 0-0 Rb8 18. b3 Rd8 19. Rde1 Rb7 20. Nd1 Rbd7 21. Nf2 a5 22. Ng4 f6 23. Rf4 Ba6 24. Ra4 Bb7 25. Rxa5 Ra8 26. Rxa8+ Bxa8 27. Kf2 h5 28. Nxf6+ gxf6 29. Rd1 e5 30. c4 Kf7 31. cxd5 Rxd5 32. Rxd5 cxd5 33. a4 Bc6 34. a5 Bb5 35. b4 Ke6 36. Kf3 Kf5 37. h3 Kg5 38. e4 d4 39. Kf2 Kf4 40. g3+ Kxe4 41. g4 hxg4 42. hxg4 d3 43. Ke1 Ke3 44. a6 Bxa6 45. b5 Bxb5 46. g5 fxg5 47. Kd1 Ba4+ 48. Ke1 d2+ 49. Kf1 d1Q+ 50. Kg2 Qg4+ 51. Kf1 Bb5+ 52. Ke1 Qg1# 0-1